Fundamentals of economic geography : (Record no. 25813)
[ view plain ]
| 000 -LEADER | |
|---|---|
| fixed length control field | 00816cam a22002295a 4500 |
| 001 - CONTROL NUMBER | |
| control field | 4059027 |
| 005 - DATE AND TIME OF LATEST TRANSACTION | |
| control field | 20201124142935.0 |
| 008 - FIXED-LENGTH DATA ELEMENTS--GENERAL INFORMATION | |
| fixed length control field | 760422s1964 njua frb 001 0 eng d |
| 040 ## - CATALOGING SOURCE | |
| Original cataloging agency | DLC |
| Transcribing agency | DLC |
| Modifying agency | ICU |
| -- | DLC |
| -- | EG-ScBUE |
| Language of cataloging | eng |
| 082 04 - DEWEY DECIMAL CLASSIFICATION NUMBER | |
| Classification number | 330.9 |
| Edition number | 22 |
| Item number | FUN |
| 100 1# - MAIN ENTRY--PERSONAL NAME | |
| Personal name | Bengtson, N. A. |
| Fuller form of name | (Nels August), |
| Dates associated with a name | 1879- |
| 245 00 - TITLE STATEMENT | |
| Title | Fundamentals of economic geography : |
| Remainder of title | an introduction to the study of resources / |
| Statement of responsibility, etc | William Van Royen ... [et al.] |
| 250 ## - EDITION STATEMENT | |
| Edition statement | 5th ed., Revised ed. |
| 260 ## - PUBLICATION, DISTRIBUTION, ETC. (IMPRINT) | |
| Place of publication, distribution, etc | Englewood Cliffs : |
| Name of publisher, distributor, etc | Prentice-Hall, |
| Date of publication, distribution, etc | 1964. |
| 300 ## - PHYSICAL DESCRIPTION | |
| Extent | xviii, 613 p. : |
| Other physical details | ill. ; |
| Dimensions | 26 cm. |
| 500 ## - GENERAL NOTE | |
| General note | Authors' names in reverse order in other editions. |
| 504 ## - BIBLIOGRAPHY, ETC. NOTE | |
| Bibliography, etc | Includes bibliographical references and index. |
| 651 ## - SUBJECT ADDED ENTRY--GEOGRAPHIC NAME | |
| Source of heading or term | BUEsh |
| 653 ## - INDEX TERM--UNCONTROLLED | |
| Resource For college | Generalities |
| Arrived date list | December2017 |
| 700 1# - ADDED ENTRY--PERSONAL NAME | |
| Personal name | Van Royen, William, |
| Dates associated with a name | 1900- |
| 942 ## - ADDED ENTRY ELEMENTS (KOHA) | |
| Source of classification or shelving scheme | Dewey Decimal Classification |
| Withdrawn status | Item status | Source of classification or shelving scheme | Damaged status | Not for loan | Home library | Current library | Shelving location | Date acquired | Total Checkouts | Full call number | Barcode | Date last seen | Koha item type |
|---|---|---|---|---|---|---|---|---|---|---|---|---|---|
| Dewey Decimal Classification | Central Library | Central Library | First floor | 27/12/2017 | 330.9 FUN | 000047039 | 15/07/2025 | Book - Borrowing |